Central Library OPAC University of Rajshahi

Shakespeare and his critics / (Record no. 77460)

MARC details
000 -LEADER
fixed length control field 00810nam a22002652i 4500
001 - CONTROL NUMBER
control field 77460
003 - CONTROL NUMBER IDENTIFIER
rucl marc code BD-RjUL
005 - DATE AND TIME OF LATEST TRANSACTION
control field 20211209082955.0
008 - FIXED-LENGTH DATA ELEMENTS--GENERAL INFORMATION
fixed length control field 200922s1958 enka 001 0 eng d
035 ## - SYSTEM CONTROL NUMBER
System control number OCLC ocm02567593 from D951009M
System control number (BD-RjUL)77685
040 ## - CATALOGING SOURCE
Original cataloging agency DLC
Transcribing agency YOM
Modifying agency UKM
-- EQO
-- BD-RjUL
Language of cataloging eng
041 ## - LANGUAGE CODE
Language code of text/sound track or separate title eng
082 ## - DEWEY DECIMAL CLASSIFICATION NUMBER
Classification number 822.33
Author mark and year HAS 1958
100 1# - MAIN ENTRY--PERSONAL NAME
Personal name Halliday, F. E.
Fuller form of name (Frank Ernest),
Dates associated with a name 1903-1982.
9 (RLIN) 241501
245 10 - TITLE STATEMENT
Title Shakespeare and his critics /
Statement of responsibility, etc. F. E. Halliday.
250 ## - EDITION STATEMENT
Edition statement Rev. ed
260 ## - PUBLICATION, DISTRIBUTION, ETC. (IMPRINT)
Place of publication, distribution, etc. London :
Name of publisher, distributor, etc. Duckworth,
Date of publication, distribution, etc. 1958
300 ## - PHYSICAL DESCRIPTION
Pagination xiv, 336 p. :
Illustrations ill. ;
Size 23 cm.
504 ## - BIBLIOGRAPHY, ETC. NOTE
Bibliography, etc Includes bibliography
600 10 - SUBJECT ADDED ENTRY--PERSONAL NAME
Personal name Shakespeare, William,
Dates associated with a name 1564-1616
General subdivision Criticism and interpretation.
942 ## - ADDED ENTRY ELEMENTS (KOHA)
Source of classification or shelving scheme Dewey Decimal Classification
Koha item type Books
Holdings
Lost status Source of classification or shelving scheme Damaged status Not for loan Collection code Permanent Location Current Location Shelving location Date acquired Source of acquisition Cost, normal purchase price Total Checkouts Full call number Date last seen Copy number Koha item type
  Dewey Decimal Classification   Not For Loan Non-fiction Central Library, University of Rajshahi Central Library, University of Rajshahi Reading Room 03/05/1965 Zeitlinger 30.00   822.33 HAS 1958 22/09/2020 C-1 Books